00810naa#a2200181#i#4500001001500000005001700015011001400032100004100046102000700087200019700094210015700291215001000448608004500458700005200503700002800555700002800583856001700611RU\\bibl\9841220260629091048.1##a3034-4689##a20241226b2024####ek#y0rusy0150####ca##aRU1#aСТЕПЕНЬ КРИСТАЛЛИЧНОСТИ ЛИГНОЦЕЛЛЮЛОЗЫ ИЗ СОЛОМЫ РИСА И ПРОДУКТА ЕЕ МОДИФИЦИРОВАНИЯeЖурнальная статья1#aКазаньcКазанский национальный исследовательский технологический университетd2024##a6 с.##aЖурнальная статья2local#1aНакыпgАбдиракым Муратулы#1aЧерезоваgЕ Н#1aКарасеваgЮ С4#avestniktu.ru